| 000 | 00659nam a2200229 i 4500 | ||
|---|---|---|---|
| 001 | C2-0314781 | ||
| 003 | PPAK | ||
| 005 | 20180728110456.0 | ||
| 008 | 120306s2011 nyu |||| ||||| | eng d | ||
| 020 | _a9780547327938 | ||
| 040 |
_aPPAK _beng _cPPAK _erda |
||
| 082 | 0 | 4 |
_a796.3570 _223 |
| 090 | 0 | 0 |
_a796.3570 _bIAN _dLCK |
| 100 | 1 |
_aO' Connor, Ian, _eauthor |
|
| 245 | 1 | 4 |
_aThe Captain: _bthe journey of derek jeter |
| 264 | 1 |
_aNew York : _bHoughton Mifflin Harcourt Publishing Company , _c2011 |
|
| 300 |
_aix, 400 pages ; _c24 cm |
||
| 336 |
_2rdacontent _atext |
||
| 337 |
_2rdamedia _aunmediated |
||
| 338 |
_2rdacarrier _avolume |
||
| 942 |
_ddc _cB |
||
| 999 |
_c116116 _d116116 |
||